000 00803cab a22002295a 4500
001 L153968
008 110928e20110307xxk f 000 0 eng d
035 _a(Sirsi) u153968
041 0 _aeng
100 1 _aKlein, Rudi
245 0 0 _aThis one's on me
260 _c2011
490 0 _aBuilding
_v276(8696) 23 September 2011, 39(1)
520 _aThe new section 108A in the Construction Act allows parties to agree their costs in adjudication; Tolent clause.
590 _aKA
650 2 4 _aHOUSING GRANTS, CONSTRUCTION AND REGENERATION ACT 1996
650 2 4 _aLOCAL DEMOCRACY, ECONOMIC DEVELOPMENT AND CONSTRUCTION ACT 2009
651 4 _aGreat Britain
_y1707-
690 _aBUILT ENVIRONMENT-CONSTRUCTION MANAGEMENT-BUILDING CONTRACT ADMINISTRATION
690 _aProcurement
_96260
942 _n0
999 _c83433
_d83433